Normal view
MARC view
Entry Personal Name
001 - CONTROL NUMBER
- control field: 49420
003 - CONTROL NUMBER IDENTIFIER
- control field: ARRUPE
005 - DATE AND TIME OF LATEST TRANSACTION
- control field: 20200207101105.0
008 - FIXED-LENGTH DATA ELEMENTS
- fixed length control field: 200207|| aca||aabn | a|a d
040 ## - CATALOGING SOURCE
- Original cataloging agency: ARRUPE
- Transcribing agency: ARRUPE
100 ## - HEADING--PERSONAL NAME
- Personal name: Alice, Princess
670 ## - SOURCE DATA FOUND
- Source citation: Work cat.: (ARRUPE): Alice, Princess, For my grandchildren, 1966